|
|
|
|
| LEADER |
00991nam a22002652a 4500 |
| 001 |
001731016 |
| 003 |
CZ BrMZK |
| 005 |
20200519125024.0 |
| 007 |
ta |
| 008 |
200218s1964 xr af er|||||||||||cze d |
| 015 |
|
|
|a cnb000480994
|
| 035 |
|
|
|a (OCoLC)42128177
|
| 040 |
|
|
|a ABA001
|b cze
|c PNA001
|d ABA001
|d BOA001
|
| 080 |
|
|
|a 63:331.875(042)
|
| 100 |
1 |
|
|a Lom, František,
|d 1901-1985
|7 jk01072363
|4 aut
|
| 245 |
1 |
0 |
|a Intenzita zemědělské výroby /
|c František Lom
|
| 260 |
|
|
|a Praha :
|b Československá společnost pro šíření politických a vědeckých znalostí,
|c 1964
|
| 300 |
|
|
|a 50 s., 3 s. obr. příl. :
|b il. ;
|c 4°
|
| 490 |
1 |
|
|a Studijní materiály
|
| 504 |
|
|
|a Obsahuje bibliografii
|
| 830 |
|
0 |
|a Studijní materiály (Československá společnost pro šíření politických a vědeckých znalostí)
|0 s
|
| 910 |
|
|
|a BOA001
|b X2-0529.532
|
| 990 |
|
|
|a BK
|
| 991 |
|
|
|b 202002
|
| 996 |
6 |
|
|b 2618848252
|c X2-0529.532
|l MZK
|r Sklad / do 24 hodin
|n 0
|w 001782731
|u 000010
|a 1
|e BOA001
|j MZK50
|s P
|